书目信息 |
| 题名: |
大型矿区可持续发展技术
|
|
| 作者: | 郝忠 著 | |
| 分册: | ||
| 出版信息: | 北京 科学出版社 2000.06 |
|
| 页数: | 210页 | |
| 开本: | 16开 | |
| 丛书名: | ||
| 单 册: | ||
| 中图分类: | TD822 | |
| 科图分类: | ||
| 主题词: | 煤矿开采 | |
| 电子资源: | ||
| ISBN: | 7-03-008531-0 | |
| 000 | 00552nam0 2200193 45 | |
| 001 | 0011201011 | |
| 005 | 20001120100515.9 | |
| 010 | @a7-03-008531-0@d25.00元 | |
| 100 | @a20001120d2000 km y0chiy0120 ea | |
| 101 | 0 | @achi |
| 105 | @a z 000yy | |
| 200 | 1 | @a大型矿区可持续发展技术@ADa Xing Kuang Qu Ke Chi Xu Fa Zhan Ji Shu@f郝忠著@FHao Zhong Zhu |
| 210 | @a北京@c科学出版社@d2000.06 | |
| 215 | @a210页@d16开 | |
| 606 | 0 | @a煤矿开采 |
| 690 | @aTD822@v3 | |
| 701 | 0 | @a郝忠@4著 |
| 801 | @aCN@bPftUser@c20001120 | |
| 905 | @b414528-529@dTD822@eH.311@f2 | |
| 大型矿区可持续发展技术/郝忠著.-北京:科学出版社,2000.06 |
| 210页;16开 |
| ISBN 7-03-008531-0:25.00元 |
| ● |
| 相关链接 |
|
|
|
正题名:大型矿区可持续发展技术
索取号:TD822/H.311
 
预约/预借
| 序号 | 登录号 | 条形码 | 馆藏地/架位号 | 状态 | 备注 |
| 1 | 414528 | 204145282 | 自科库501/ [索取号:TD822/H.311] | 在馆 | |
| 2 | 414529 | 204145291 | 自科库501/501自科库 21排4列4层/ [索取号:TD822/H.311] | 在馆 |